Library of the University of Algiers 3
Ibrahim Sultan Cheibout
شعار جامعة الجزائر 3
مكتبة جامعة الجزائر 3
إبراهيم سلطان شيبوط

الإصلاح الإداري والتطوير المؤسسي في العالم العربي في ظل التحديات الإقتصادية الجديدة / (رقم التسجيلة. 45381)

تفاصيل مارك
000 -LEADER
fixed length control field 01043nam a2200241Ia 4500
003 - CONTROL NUMBER IDENTIFIER
control field Ost
005 - DATE AND TIME OF LATEST TRANSACTION
control field 20260507075640.0
008 - FIXED-LENGTH DATA ELEMENTS--GENERAL INFORMATION
fixed length control field 260507s9999||||xx |||||||||||||| ||und||
020 ## - INTERNATIONAL STANDARD BOOK NUMBER
International Standard Book Number 9775673038
040 ## - CATALOGING SOURCE
Transcribing agency fsecg
041 ## - LANGUAGE CODE
Language code of text/sound track or separate title ara
082 ## - DEWEY DECIMAL CLASSIFICATION NUMBER
Classification number 658.406
100 ## - MAIN ENTRY--PERSONAL NAME
Personal name الأيوبي، نزيه
Relator term مؤلف
245 #0 - TITLE STATEMENT
Title الإصلاح الإداري والتطوير المؤسسي في العالم العربي في ظل التحديات الإقتصادية الجديدة /
Statement of responsibility, etc. نزيه الأيوبي
260 ## - PUBLICATION, DISTRIBUTION, ETC.
Place of publication, distribution, etc. القاهرة:
Name of publisher, distributor, etc. المنظمة العربية للتنمية الإدارية,
Date of publication, distribution, etc. 1995
300 ## - PHYSICAL DESCRIPTION
Extent 86 صفحة؛
Dimensions 24 سم
490 ## - SERIES STATEMENT
Series statement بحوث ودراسات
504 ## - BIBLIOGRAPHY, ETC. NOTE
Bibliography, etc. note المراجع ص.80
520 ## - SUMMARY, ETC.
Summary, etc. الإصلاح والتطوير الإداري ،التطوير الإداري لدعم الكفاءة الإقتصادية والجوانب التنظيمية والإدارية للخوصة
653 ## - INDEX TERM--UNCONTROLLED
Uncontrolled term الإدارة - تطوير
653 ## - INDEX TERM--UNCONTROLLED
Uncontrolled term الإصلاح الإداري
942 ## - ADDED ENTRY ELEMENTS (KOHA)
Koha item type كتب
المقتنيات
Withdrawn status Lost status Source of classification or shelving scheme Damaged status Not for loan Home library Current library Date acquired Serial enumeration / chronology Inventory number Total checkouts Full call number Barcode Date last seen Price effective from Koha item type
    Dewey Decimal Classification   NOT LOAN / إعارة داخلية مكتبة كلية العلوم الإقتصادية والعلوم التجارية وعلوم التسيير مكتبة كلية العلوم الإقتصادية والعلوم التجارية وعلوم التسيير 07/05/2026 الطابق الأرضي 879/1   أ/879ن1 879/1 07/05/2026 07/05/2026 كتب

موارد الويب المفتوحة


© University of Algiers 3 All Rights Reserved
|
Implemented by LECHELAH Riad